<?xml version="1.0" encoding="UTF-8"?><?xml-stylesheet type="text/xsl" href="static/style.xsl"?><OAI-PMH xmlns="http://www.openarchives.org/OAI/2.0/" xmlns:xsi="http://www.w3.org/2001/XMLSchema-instance" xsi:schemaLocation="http://www.openarchives.org/OAI/2.0/ http://www.openarchives.org/OAI/2.0/OAI-PMH.xsd"><responseDate>2026-04-17T19:06:42Z</responseDate><request verb="GetRecord" identifier="oai:www.recercat.cat:20.500.12327/669" metadataPrefix="marc">https://recercat.cat/oai/request</request><GetRecord><record><header><identifier>oai:recercat.cat:20.500.12327/669</identifier><datestamp>2025-10-22T11:05:12Z</datestamp><setSpec>com_2072_4428</setSpec><setSpec>com_2072_4427</setSpec><setSpec>col_2072_487898</setSpec></header><metadata><record xmlns="http://www.loc.gov/MARC21/slim" xmlns:dcterms="http://purl.org/dc/terms/" xmlns:xsi="http://www.w3.org/2001/XMLSchema-instance" xmlns:doc="http://www.lyncode.com/xoai" xsi:schemaLocation="http://www.loc.gov/MARC21/slim http://www.loc.gov/standards/marcxml/schema/MARC21slim.xsd">
   <leader>00925njm 22002777a 4500</leader>
   <datafield ind2=" " ind1=" " tag="042">
      <subfield code="a">dc</subfield>
   </datafield>
   <datafield ind2=" " ind1=" " tag="720">
      <subfield code="a">Díaz, Ivan</subfield>
      <subfield code="e">author</subfield>
   </datafield>
   <datafield ind2=" " ind1=" " tag="720">
      <subfield code="a">Genís-Jorquera, Blanca</subfield>
      <subfield code="e">author</subfield>
   </datafield>
   <datafield ind2=" " ind1=" " tag="720">
      <subfield code="a">Martín-Valls, Gerard E.</subfield>
      <subfield code="e">author</subfield>
   </datafield>
   <datafield ind2=" " ind1=" " tag="720">
      <subfield code="a">Mateu, Enric</subfield>
      <subfield code="e">author</subfield>
   </datafield>
   <datafield ind2=" " ind1=" " tag="260">
      <subfield code="c">2019-10-01</subfield>
   </datafield>
   <datafield ind2=" " ind1=" " tag="520">
      <subfield code="a">Background Sows in breeding herds are often mass vaccinated against porcine reproductive and respiratory syndrome (PRRS) every few months using modified live vaccines (MLV). Field veterinarians repeatedly report that multiple vaccinated sows test negative in ELISA. Obviously, this creates uncertainty when assessing the compliance of vaccination and the status of sows.&#xd;
&#xd;
Methods In the present study, four commercial ELISAs were used to assess the serological PRRS status in gilts and sows of three farms that were PRRS MLV vaccinated every four months. Animals were tested before vaccination (BV) and postvaccination (PV). Total and neutralising antibodies and cell-mediated responses were also measured in animals that yielded negative results in all ELISAs.&#xd;
&#xd;
Results The proportion of seronegative animals BV varied depending on the farm and the ELISA used. When samples were analysed using only one ELISA, a substantial number of negative results obtained BV remained as negative afterwards. Five animals were negative BV and PV with all the examined ELISAs. Those animals also yielded negative results in all the other immunological assays.&#xd;
&#xd;
Conclusion Our findings suggest that the use of ELISA for monitoring multiple PRRS MLV vaccinated sows is very limited due to the variability of the humoral responses and the moderate agreement between tests.</subfield>
   </datafield>
   <datafield ind1="8" ind2=" " tag="024">
      <subfield code="a">Díaz, Ivan, Blanca Genís-Jorquera, Gerard E Martín-Valls, and Enric Mateu. 2019. "Using Commercial Elisas To Assess Humoral Response In Sows Repeatedly Vaccinated With Modified Live Porcine Reproductive And Respiratory Syndrome Virus". Veterinary Record 186 (4): 123-123. BMJ. doi:10.1136/vr.105432.</subfield>
   </datafield>
   <datafield ind1="8" ind2=" " tag="024">
      <subfield code="a">0042-4900</subfield>
   </datafield>
   <datafield ind1="8" ind2=" " tag="024">
      <subfield code="a">http://hdl.handle.net/20.500.12327/669</subfield>
   </datafield>
   <datafield ind1="8" ind2=" " tag="024">
      <subfield code="a">http://dx.doi.org/10.1136/vr.105432</subfield>
   </datafield>
   <datafield ind2="0" ind1="0" tag="245">
      <subfield code="a">Using commercial ELISAs to assess humoral response in sows repeatedly vaccinated with modified live porcine reproductive and respiratory syndrome virus</subfield>
   </datafield>
</record></metadata></record></GetRecord></OAI-PMH>